| 000 | 01193nam0a22002891 4500 | ||
|---|---|---|---|
| 001 | v19\rc\2020551 | ||
| 005 | 20251118181429.3 | ||
| 035 | _a(NLR Aleph) 005100967 | ||
| 090 |
_a7392263 _c7392263 |
||
| 100 | _a20080925d1916 |||y0rusy50 ca | ||
| 101 | 0 | _arus | |
| 102 | _aRU | ||
| 105 | _ay z ||||| | ||
| 200 | 1 |
_aО "Лиге бережливости" _eСообщ. Г.С. Бурджалова |
|
| 210 |
_aМосква _cСоюз "Артисты Москвы - Рус. армии и жертвам войны" _d1916 |
||
| 215 |
_a16 с. _d22 |
||
| 423 | 0 |
_11010#$arus _12001#$aО роскоши и моде$eСообщ. Н.А. Смирновой$e[Оба сообщ. были сделаны на собр. чл. Союза 26 апр. 1916 г.] _1700#1$aСмирнова$bН.А.$f1873-1951$gНадежда Александровна |
|
| 532 | 1 | 3 | _aО Лиге бережливости |
| 700 | 1 |
_aБурджалов _bГ. С. _f1869-1924 _gГеоргий Сергеевич |
|
| 801 | 0 |
_aRU _bNLR _gpsbo |
|
| 801 | 0 |
_aRU _bRuMoRGB _2psbo |
|
| 801 | 1 |
_aRU _bProSoft-M _2rusmarc |
|
| 852 |
_aNLR _j37.75.8.125 |
||
| 899 |
_aRuMoRGB _jV 121/2187 |
||
| 899 | _aБАН | ||
| 942 | _cBOOK | ||
| 980 | _aNB | ||